Annual Review Social Development in Pakistan
| Format: | Journal |
|---|---|
| Language: | English |
| Published: |
Karachi :
AsiaNet Pakistan (Pvt) Ltd.,
2010-
|
| Subjects: | |
| Online Access: | http://www.vlex.com/source/6880 |
MARC
| LEADER | 00000nas a22000007a 4500 | ||
|---|---|---|---|
| 005 | 20130118144033.0 | ||
| 007 | cr|||| |||| | ||
| 008 | 130118e2010 pk |u|p|s|||| 0|| a eng d | ||
| 035 | |a 6880 | ||
| 040 | |a vLex | ||
| 090 | |c 3554 |d 3554 | ||
| 245 | |a Annual Review Social Development in Pakistan |h [Recurso electrn̤ico] | ||
| 256 | |a Servicio en ln̕ea | ||
| 260 | |a Karachi : |b AsiaNet Pakistan (Pvt) Ltd., |c 2010- | ||
| 300 | |a 1 Recurso electrn̤ico | ||
| 650 | |a Economa̕ |z Pakistǹ | ||
| 740 | |a vLex Revistas (Servicio en ln̕ea) | ||
| 856 | |u http://www.vlex.com/source/6880 | ||
| 942 | |c REV | ||
| 999 | |a Economics | ||